Same Last Name III Quiz Stats

 Plays Quiz Updated Oct 30, 2018

Score 0/26 Timer 05:00
0 Plays Today
First Names Last Name % Correct
Megan, Matthew, Michael J.Fox
91%
Juliette, Jerry Lee, C.S.Lewis
87.6%
Abbie, Dustin, Philip SeymourHoffman
84%
Jeffrey, Orville, Frank LloydWright
80.6%
Sammy, Bette, JeffersonDavis
79.1%
Sly, Oliver, JossStone
77.9%
Ricky, Steve, DeanMartin
76.9%
Gary, Anderson, James FenimoreCooper
73.1%
Michael, Diane, BusterKeaton
73%
James, Zachary, ElizabethTaylor
71.8%
Neil, Angus, BrighamYoung
69.6%
Patrick, Jon, RodStewart
67%
Julia, Oral, CokieRoberts
66.5%
First Names Last Name % Correct
Matthew, Matthew, KatyPerry
64.4%
Ann, Keith, DeniseRichards
62.9%
Gene, Richard, RussellSimmons
62.3%
Ted, Kathleen, NatTurner
61.1%
David, Macy, SpaldingGray
59.9%
Andrew, Samuel, EarvinJohnson
56.9%
Victoria, Andrew, MichaelJackson
55.4%
Jerry, Michael C., MontyHall
50.4%
Dave, Dylan, MarloThomas
50%
Sean, Helen, IsaacHayes
48.5%
John, Steven, BonnieTyler
40.3%
Ann, Dennis, ArthurMiller
32%
Michael, Joan, JudyCollins
19.7%

You're not logged in!

Compare scores with friends on all Sporcle quizzes.
OR
Log In

Sporcle TV

Today on Sporcle TV


Watch our educational content, quiz creation guides, and fun videos on Sporcle TV.

Show Comments

Extras

Top Quizzes Today


Score Distribution

Your Account Isn't Verified!

In order to create a playlist on Sporcle, you need to verify the email address you used during registration. Go to your Sporcle Settings to finish the process.

Report this User

Report this user for behavior that violates our Community Guidelines.

Details: